000 00490nam a2200205Ia 4500
003 OSt
005 20230516162933.0
008 230314s9999 xx 000 0 und d
020 _a978-81-312-5509-4
040 _c 0
041 _aeng
082 _aPH/615.1/SKI/B08965
100 _aSkidmore Linda
_9177785
245 _aMosbys Nursing Drug Reference
260 _bElsevier
_aNew Delhi
_c2019
300 _a1426p
906 _bBSC
942 _2ddc
_cBK
999 _c142179
_d142179